Statistiche per Top 15 dei paesi con decessi Covid-19 - 14 dicembre

Clicka qui per fare il quiz!

Statistiche generali

  • Questo quiz è stato fatto 7 volte
  • Il punteggio medio è 13 su 21

Statistiche sulle risposte

paese% Corretto
Brasile
100%
Francia
100%
India
100%
Italia
100%
Stati Uniti
100%
Argentina
86%
Colombia
86%
Messico
86%
Spagna
86%
Regno Unito
71%
Russia
71%
Belgio
57%
Iran
57%
Polonia
57%
Cechia
43%
Sudafrica
43%
Slovenia
29%
Bosnia ed
Erzegovina
14%
Perù
14%
Armenia
0%
Macedonia
del Nord
0%

Distribuzione punteggi

Percentile per numero di risposta

Percentuale di utenti per punteggio

I tuoi punteggi nel tempo

Non hai fatto questo quiz